000 01009nam0a22002531 4500
001 rc\2935973
005 20250806211457.0
035 _a(NLR Aleph) 007085099
090 _a12123
_c12123
100 _a20110823d1941 u y0rusy50 ca
101 1 _arus
_cger
102 _aRU
105 _ay z |||||
200 1 _aТаблицы шестизначных логарифмов чисел и тригонометрических величин, углов, выраженных в градовой мере
_eВоспроизведение 5-го нем. изд. 1939 г.
_fСост. В. Иордан
210 _aМосква
_cГос. изд-во оборонной пром-сти
_d1941
215 _a[4], 424 с.
_d26 см
700 1 _aИордан
_bВ.
_f1842-1899
_gВильгельм
801 0 _aRU
_bNLR
_gpsbo
801 1 _aRU
_bELAR
_2rusmarc
852 _aNLR
_jМт02 Г-7/71
942 _cBOOK
945 _aРоссийская национальная библиотека
980 _aNB
980 _aBV